Helppoa matikkaa - Äkkikuolema - Statistics

Yleistilastot
  • Tätä visaa on pelattu 6 733 kertaa
  • Keskiarvotulos 10 / 20
Vastaustilastot
Lasku Vastaus % Oikein
6-1 5
67%
1+4+1 6
66%
6×1 6
64%
10/5 2
63%
2+3 5
63%
10-7 3
62%
10-5 5
62%
3+2+1 6
62%
12/2 6
61%
4+1+1 6
61%
4+1+3 8
61%
4+5 9
61%
6/2 3
60%
5-1 4
60%
16/2 8
60%
16/4 4
59%
1+2+1 4
59%
1×5 5
59%
5×1 5
59%
1+1+4 6
59%
8-1 7
59%
2+6 8
59%
7-7 0
58%
8/4 2
58%
11-8 3
58%
3×1 3
58%
10-6 4
58%
2×2 4
58%
4+1 5
58%
3×2 6
58%
1+3+2 6
58%
10-3 7
58%
7×1 7
58%
14/2 7
58%
1+5+1 7
58%
1+8 9
58%
11-2 9
58%
3+5+1 9
58%
6+1+2 9
58%
8-6 2
57%
5-2 3
57%
1×3 3
57%
27/9 3
57%
5+1 6
57%
1×7 7
57%
21/3 7
57%
80/10 8
57%
2+5+1 8
57%
3×3 9
57%
8-8 0
56%
9-9 0
56%
1×2 2
56%
2+2 4
56%
40/10 4
56%
3+1+1 5
56%
11-5 6
56%
1×6 6
56%
60/10 6
56%
13-6 7
56%
9-1 8
56%
10-1 9
56%
18/2 9
56%
2+2+5 9
56%
2-2 0
55%
6-6 0
55%
10-10 0
55%
10-9 1
55%
10-8 2
55%
3+1 4
55%
6-2 4
55%
9-5 4
55%
1×4 4
55%
2+1+1 4
55%
1+4 5
55%
1+2+2 5
55%
2+4 6
55%
7-1 6
55%
4+1+2 7
55%
2×4 8
55%
3+1+4 8
55%
3+6 9
55%
6+3 9
55%
14-5 9
55%
17-8 9
55%
90/10 9
55%
2+5+2 9
55%
4+3+2 9
55%
5-5 0
54%
3-2 1
54%
6-5 1
54%
9/9 1
54%
8-3 5
54%
13-8 5
54%
50/10 5
54%
8-2 6
54%
30/5 6
54%
2+2+2 6
54%
1+6 7
54%
3+4 7
54%
4+4 8
54%
14-6 8
54%
2+4+2 8
54%
3+4+1 8
54%
7+2 9
54%
12-3 9
54%
1+5+3 9
54%
3-3 0
53%
2-1 1
53%
11-10 1
53%
1/1 1
53%
6/3 2
53%
4-1 3
53%
9-6 3
53%
14-10 4
53%
24/6 4
53%
1+1+3 5
53%
14-8 6
53%
11-4 7
53%
70/10 7
53%
4+2+1 7
53%
12-4 8
53%
1+5+2 8
53%
1+6+1 8
53%
5+2+1 8
53%
1×9 9
53%
1+1+7 9
53%
1+3+5 9
53%
4+1+4 9
53%
1×1 1
52%
1+1 2
52%
6-4 2
52%
12/6 2
52%
21/7 3
52%
1+3 4
52%
4/1 4
52%
1+1+2 4
52%
2+1+2 5
52%
2+2+1 5
52%
16-10 6
52%
36/6 6
52%
2+3+1 6
52%
1+1+5 7
52%
1+4+2 7
52%
3+1+3 7
52%
3+3+1 7
52%
1+7 8
52%
10-2 8
52%
1+1+6 8
52%
1+4+3 8
52%
9×1 9
52%
3+2+4 9
52%
5+1+3 9
52%
1-1 0
51%
8-7 1
51%
14/7 2
51%
1+2 3
51%
7-4 3
51%
18/6 3
51%
20/5 4
51%
12-7 5
51%
15-10 5
51%
10/2 5
51%
1+5 6
51%
4+3 7
51%
9-2 7
51%
12-5 7
51%
2+4+1 7
51%
3+2+2 7
51%
1+2+5 8
51%
6+1+1 8
51%
15-6 9
51%
4-4 0
50%
5-4 1
50%
9-8 1
50%
9-7 2
50%
2×1 2
50%
18/9 2
50%
12-9 3
50%
13-10 3
50%
9/3 3
50%
12/4 3
50%
12-8 4
50%
4×1 4
50%
8/2 4
50%
9-4 5
50%
11-6 5
50%
25/5 5
50%
3+3 6
50%
9-3 6
50%
2×3 6
50%
6/1 6
50%
18/3 6
50%
1+2+4 7
50%
1+3+3 7
50%
5+1+1 7
50%
6+2 8
50%
7+1 8
50%
16-8 8
50%
1×8 8
50%
3+3+2 8
50%
5+4 9
50%
8+1 9
50%
2+1+6 9
50%
2+3+4 9
50%
4+4+1 9
50%
5+2+2 9
50%
4-3 1
49%
7-6 1
49%
3/3 1
49%
5-3 2
49%
11-9 2
49%
4/2 2
49%
20/10 2
49%
1+1+1 3
49%
13-9 4
49%
12/3 4
49%
7-2 5
49%
30/6 5
49%
10-4 6
49%
12/2 6
49%
1+2+3 6
49%
2+5 7
49%
5+2 7
49%
8×1 8
49%
19-10 9
49%
2+6+1 9
49%
3+1+5 9
49%
3+3+3 9
49%
3-1 2
48%
6-3 3
48%
15/5 3
48%
7-3 4
48%
3+2 5
48%
4+2 6
48%
13-7 6
48%
6+1 7
48%
15-8 7
48%
17-10 7
48%
7/1 7
48%
49/7 7
48%
2+2+3 7
48%
13-5 8
48%
18-10 8
48%
40/5 8
48%
5+1+2 8
48%
2+7 9
48%
1+4+4 9
48%
7+1+1 9
48%
5/5 1
47%
6/6 1
47%
8/8 1
47%
3/1 3
47%
30/10 3
47%
12-6 6
47%
24/4 6
47%
14-7 7
47%
32/4 8
47%
4+3+1 8
47%
1+2+6 9
47%
1+7+1 9
47%
6+2+1 9
47%
8-5 3
46%
8-4 4
46%
20/4 5
46%
16-9 7
46%
2+1+4 7
46%
11-3 8
46%
72/9 8
46%
2+3+3 8
46%
16-7 9
46%
9/1 9
46%
3+4+2 9
46%
5+3+1 9
46%
4-2 2
45%
5+3 8
45%
4×2 8
45%
3+2+3 8
45%
18-9 9
45%
81/9 9
45%
2/2 1
44%
4/4 1
44%
7-5 2
44%
12-10 2
44%
2+1+3 6
44%
63/9 7
44%
3+5 8
44%
15-7 8
44%
17-9 8
44%
8/1 8
44%
2+1+5 8
44%
2+2+4 8
44%
13-4 9
44%
27/3 9
44%
2+4+3 9
44%
4+2+3 9
44%
7/7 1
43%
24/8 3
43%
11-7 4
43%
5/1 5
43%
15/3 5
43%
35/7 5
43%
40/8 5
43%
1+3+1 5
43%
3+1+2 6
43%
4+2+2 8
43%
1+6+2 9
43%
24/3 8
42%
1+3+4 8
42%
10/10 1
41%
2+1 3
41%
15-9 6
41%
54/9 6
41%
48/6 8
41%
32/8 4
40%
45/9 5
40%
28/4 7
40%
35/5 7
40%
42/6 7
40%
56/8 7
39%
36/9 4
38%
2+3+2 7
38%
64/8 8
38%
36/4 9
38%
45/5 9
38%
63/7 9
38%
16/8 2
37%
28/7 4
36%
14-9 5
36%
72/8 9
36%
48/8 6
34%
42/7 6
33%
56/7 8
33%
54/6 9
33%
2/1 2
28%
Ehtoja vastaavia visoja ei löytynyt
Tulosjakauma
Jokaisen tuloksen saaneiden osuus
Persentiili vastausten määrän mukaan
Tuloshistoriasi
Et ole pelannut tätä visaa